000 01141nam a2200301 i 4500
003 EG-GICUC
005 20260121101222.0
008 251115s1959 ua ||||fr|||| 00| 0 ara d
040 _a EG-GICUC
_bara
_c EG-GICUC
_d EG-GICUC
_erda
041 0 _aara
082 0 4 _221
_a341.84
_bج ا . ت
092 0 4 _221
099 _aLaw1 12 341.84 ج ا . ت 1956
100 0 _aجابر جاد عبد الرحمن
_eمؤلف.
245 1 0 _aتنازع القوانين /
_cجابر جاد عبد الرحمن.
264 1 _aالقاهرة :
_bدار النهضة المصرية،
_c1959.
300 _a664 ؛صفحة
_c24 سم.
336 _2rda content
_atext
337 _2rda media
_aComputer
338 _2rda carrier
_aOnline Resource
504 _aيحتوي على ارجاعات ببليوجرافية
546 _aالنص أغلبه باللغة العربية مع بعض النصوص الفرنسية
650 1 _aتنازع القوانين
_xالقانون الدولى الخاص
_2qrmak
651 1 _2qrmak
856 4 0 _uhttps://fll.law.cu.edu.eg/fulltext/bks/B12-01097.pdf
905 _a75
_eYara
942 _2ddc
_n0
_cBK
_e21
999 _c43287
_d43287